Statistics for States in Hexagons of the U.S. Mainland Map

Click here to take the quiz!

General Stats

  • This quiz has been taken 127 times
  • The average score is 145 of 149

Answers on the Map

Answers color-coded by a green-red scale on the quiz's map according to % correct below.
 

Answer Stats

States% Correct
Arkansas | Louisiana | Texas
99%
Arkansas | Oklahoma | Texas
99%
Colorado | Kansas | Oklahoma | Texas
99%
Colorado | New Mexico | Nebraska | Oklahoma | Texas
99%
Louisiana | Mississippi | Texas
99%
Louisiana | Texas
99%
New Mexico | Texas
99%
Oklahoma | Texas
99%
Texas
99%
Alabama | Florida | Georgia
98%
Arizona | California
98%
Arizona | California | Nevada | Utah
98%
Arkansas | Kansas | Missouri | Oklahoma
98%
California
98%
California | Nevada
98%
California | Nevada | Oregon
98%
California | Oregon
98%
Connecticut | Maine | Massachusetts | New Hampshire | New York | Rhode Island | Vermont
98%
Florida
98%
Florida | Georgia
98%
Florida | Georgia | South Carolina
98%
Idaho | Montana
98%
Idaho | Montana | Wyoming
98%
Illinois | Indiana | Kentucky | Missouri | Tennessee
98%
Kansas | Oklahoma
98%
Kentucky | Ohio | Tennessee | Virginia | West Virginia
98%
Maryland | Ohio | Pennsylvania | Virginia | West Virginia
98%
Montana | Nebraska | South Dakota | Wyoming
98%
Montana | Wyoming
98%
New York | Ohio | Pennsylvania | West Virginia
98%
Alabama | Arkansas | Mississippi | Missouri | Tennessee
97%
Alabama | Georgia | Kentucky | Tennessee
97%
Alabama | Louisiana | Mississippi
97%
Arizona | Colorado | New Mexico | Utah
97%
Arizona | New Mexico
97%
Arizona | Utah
97%
Arkansas | Louisiana | Mississippi
97%
Colorado | Kansas
97%
Colorado | Kansas | Nebraska
97%
Colorado | New Mexico
97%
Colorado | Utah | Wyoming
97%
Colorado | Wyoming
97%
Connecticut | Massachusetts | New Jersey | New York | Pennsylvania
97%
Connecticut | New York | Rhode Island
97%
Delaware | Maryland | New Jersey | Pennsylvania | Virginia
97%
Delaware | Maryland | Pennsylvania | Virginia | West Virginia
97%
Georgia | North Carolina | South Carolina
97%
Georgia | North Carolina | South Carolina | Tennessee
97%
Idaho | Nevada | Oregon
97%
Idaho | Nevada | Utah
97%
Idaho | Oregon | Washington
97%
Idaho | Utah | Wyoming
97%
Illinois | Indiana | Kentucky | Ohio
97%
Illinois | Indiana | Michigan | Ohio
97%
Illinois | Iowa | Missouri | Wisconsin
97%
Illinois | Missouri
97%
Iowa | Missouri | Nebraska | Kansas
97%
Maine
97%
Maine | New Hampshire | Vermont
97%
Maryland | North Carolina | Virginia
97%
Montana | North Dakota
97%
Montana | North Dakota | South Dakota
97%
Nevada
97%
Nevada | Utah
97%
New Mexico
97%
New York
97%
New York | Pennsylvania
97%
New York | Vermont
97%
North Carolina | South Carolina | Tennessee | Virginia | West Virginia
97%
Oregon | Washington
97%
Utah | Wyoming
97%
Alabama | Georgia
96%
Colorado | Nebraska | South Dakota
96%
Colorado | Utah
96%
Idaho | Washington
96%
Iowa | Minnesota | Nebraska | South Dakota
96%
Iowa | Nebraska | South Dakota
96%
Kansas | Nebraska
96%
Michigan | Minnesota
96%
Michigan | Ohio
96%
Michigan | Wisconsin
96%
Minnesota | North Dakota | South Dakota
96%
Minnesota | South Dakota | Wisconsin
96%
Montana
96%
Nebraska | South Dakota
96%
North Carolina
96%
North Carolina | Virginia
96%
North Dakota | South Dakota
96%
Oregon
96%
Washington
96%
Arizona
95%
Arkansas | Missouri
95%
Georgia
95%
Illinois | Indiana
95%
Illinois | Iowa | Wisconsin
95%
Michigan
95%
Minnesota | North Dakota
95%
North Dakota
95%
Wyoming
95%
Idaho
94%
Indiana | Ohio | West Virginia
94%
Iowa | Minnesota | Wisconsin
94%
Minnesota
94%
Minnesota | Wisconsin
94%
Louisiana
91%
Massachusetts
88%

Score Distribution

Percentile by Number Answered

Percent of People with Each Score

Your Score History

You have not taken this quiz